00830 2200277 4500001002100000005001500021035002000036007000300056008004100059020001800100082001000118084001400128100002000142245011300162250001000275260005100285300003100336500007400367500001100441650001000452650001200462700002000474700002000494504002600514990001200540INLIS00000000000284420190114122829 a0010-0119000196ta190114 g 0 ind  a9786024242749 a297.9 a297.9 SER0 aSERIBU,Satu ...1 a1001 Penemuan dan Fakta Mempesona Peradaban Muslim /cpenerjemah, Zhizhi Siregar; penyunting, Andya Primanda acet.3 aJakarta :bKepustakaan Populer Gramedia,c2018 a96 hlm. :bilus. ;c27 cm. aJudul Asli : 1001 Inventions & Awesome Facts from Muslim Civilization aIndeks aISLAM aSEJARAH0 aSIREGAR, Zhizhi0 aANDYA, Primanda aBibliografi : hlm. 92 a16978 a